Anticipated constraints for sustainable smallholder rubber farming: A case study in the moneragala district of Sri Lanka (Record no. 54316)

MARC details
000 -LEADER
fixed length control field 00577nam a2200169Ia 4500
100 ## - MAIN ENTRY--AUTHOR NAME
Personal name Wijesuriya W
245 #0 - TITLE STATEMENT
Title Anticipated constraints for sustainable smallholder rubber farming: A case study in the moneragala district of Sri Lanka
260 ## - PUBLICATION, DISTRIBUTION, ETC. (IMPRINT)
Name of publisher IRRDB International Rubber Conference 14-17 December 2011, Chiang
650 ## - SUBJECT ADDED ENTRY--TOPICAL TERM
Topical Term Efficiency analysis
650 ## - SUBJECT ADDED ENTRY--TOPICAL TERM
Topical Term Non-traditional areas
650 ## - SUBJECT ADDED ENTRY--TOPICAL TERM
Topical Term Smallholders
650 ## - SUBJECT ADDED ENTRY--TOPICAL TERM
Topical Term Sustainable rubber farming
700 ## - ADDED ENTRY--PERSONAL NAME
Personal name Disssanayake A
700 ## - ADDED ENTRY--PERSONAL NAME
Personal name Hereth K
942 ## - ADDED ENTRY ELEMENTS (KOHA)
Koha item type Journals
Holdings
Withdrawn status Lost status Damaged status Not for loan Home library Current library Shelving location Date acquired Koha item type
      Journals RRII Library RRII Library Economics 26/09/2013 Journals